000 00438nam a2200145Ia 4500
003 OSt
005 20260128110525.0
008 211028s2017 xx 000 0 und d
040 _cAIMIT LIBRARY
041 _aeng
100 _aKumar M, Thishwin ; Nazareth, Teresa.
_g1516169
_97741
245 _aStudy on retailer respondents towards new advertisement offer near app /
260 _aMangalore
_bTeresa Nazareth.
_c2017
942 _2ddc
_cPRO
999 _c219309
_d219309